000 00784cam a22002411 4500
001 ne 68003654
003 DLC
005 20260227111847.0
008 860926s1966 sy a 000 0 araoc
010 _ane 68003654
035 _a(OCoLC)14270250
040 _aPrinceton Univ. Libr.
_cCU
_dDLC
042 _apremarc
043 _aa-sy---
050 0 0 _aHD951.S92
_bZ82
100 1 _aZuʻbī, Aḥmad Muḥammad.
245 1 0 _aTaḥwīl al-ishtirākī al-zirāʻī fī Sūrīyah
_c[taʼlīf] Aḥmad Muḥammad al-Zuʻbī.
260 _a[Dimashq,
_bWizārat al-Thaqāfah wa-al-Irshād al-Qawmī,
_c1966]
300 _a7, 171 p.
_billus.
_c19 cm.
440 0 _aSilsilat kutub qawmīyah,
_v8
650 0 _aAgriculture, Cooperative
_zSyria.
650 0 _aAgriculture and state
_zSyria.
999 _c50811
_d50811